Problémy pri ohodnotení majetku podniku v konkurze
Analýza problémových okruhov, ktoré vznikajú pri ohodnotení majetku v konkurze. Podstata a legislatíva konkurzu. Dĺžka konkurzného konania vo vybraných krajinách Euirópy. Efektívnosť konkurzného práva. Dlhodobý majetok. Obežný majetok.
Na minha lista:
| Autor principal: | |
|---|---|
| Formato: | Capítulo de Livro |
| Idioma: | eslovaco |
| Assuntos: | |
| Tags: |
Sem tags, seja o primeiro a adicionar uma tag!
|
MARC
| LEADER | 00000naa$a2200000$$$4500 | ||
|---|---|---|---|
| 001 | 0029349 | ||
| 005 | 20240502071433.4 | ||
| 041 | 0 | |a slo | |
| 044 | |a SK | ||
| 245 | 1 | 0 | |a Problémy pri ohodnotení majetku podniku v konkurze |c Peter Kardoš |
| 520 | |a Analýza problémových okruhov, ktoré vznikajú pri ohodnotení majetku v konkurze. Podstata a legislatíva konkurzu. Dĺžka konkurzného konania vo vybraných krajinách Euirópy. Efektívnosť konkurzného práva. Dlhodobý majetok. Obežný majetok. | ||
| 610 | 2 | 0 | |a majetok podnikový |
| 610 | 2 | 0 | |a ohodnocovanie podniku |
| 610 | 2 | 0 | |a konkurzy |
| 610 | 2 | 0 | |a Európa |
| 610 | 2 | 0 | |a konanie konkurzné |
| 610 | 2 | 0 | |a majetok dlhodobý |
| 610 | 2 | 0 | |a majetok hmotný |
| 610 | 2 | 0 | |a majetok nehmotný |
| 610 | 2 | 0 | |a majetok obežný |
| 610 | 2 | 0 | |a zásoby |
| 610 | 2 | 0 | |a pohľadávky |
| 100 | 1 | |a Kardoš, Peter | |